Rapport relatif á l'interprétation, la revision et l' extension de la Convention de Genéve du 27 juillet 1929

Spremljeno u:
Bibliografski detalji
Autor kompanije: Comité Internacional de la Cruz Roja (Autor)
Format: Knjiga
Jezik:francuski
Izdano: Ginebra Comité Internacional de la Cruz Roja 1938
Serija:Documento, 11
Teme:
Oznake: Dodaj oznaku
Bez oznaka, Budi prvi tko označuje ovaj zapis!

MARC

LEADER 00000nam a2200000 a 4500
001 UCT9572
003 CL-VaPUC
005 20210818074447.0
008 970404e19380000sz 1 fre d
082 0 4 |a 341.6  |b COM  |2 21 
110 2 |a Comité Internacional de la Cruz Roja  |e author  |9 620364 
245 1 0 |a Rapport relatif á l'interprétation, la revision et l' extension de la Convention de Genéve du 27 juillet 1929 
260 |a Ginebra  |b Comité Internacional de la Cruz Roja  |c 1938 
300 |a 123 p 
490 0 |a Documento, 11 
583 |a last modification  |c 20131003 02:17:10  |k Rodrigo Vera 
650 0 7 |a CONVENCION DE GINEBRA  |2 CL-VaPUC  |9 382301 
650 0 7 |a INSTRUMENTOS INTERNACIONALES  |2 CL-VaPUC  |9 338494 
650 0 0 |a Interpretación   |9 258846 
650 0 7 |a REVISIONES CRITICAS  |2 CL-VaPUC  |9 620365 
942 |c BK 
945 |a lriquelm  |d 19970404 00:00:00 
546 |a En Francés 
518 |p Conférence Internationale de la Croix-Rouge, Londres, juin 1938 
999 |c 383907  |d 383905 
952 |0 0  |1 0  |4 0  |6 341_600000000000000_COM_1938  |7 0  |8 A  |9 506227  |a BIBDER  |b BIBDER  |d 2020-01-23  |i 1825437  |o 341.6 COM 1938  |p 1825437  |r 2023-01-25  |w 2020-01-23  |y BK  |k DER